Lady masacre / (Registro nro. 7304)

Detalles MARC
000 -LEADER
fixed length control field 00941nam a22002057a 4500
003 - CONTROL NUMBER IDENTIFIER
control field OSt
005 - DATE AND TIME OF LATEST TRANSACTION
control field 20210223154311.0
008 - FIXED-LENGTH DATA ELEMENTS--GENERAL INFORMATION
fixed length control field 210223s2015 ck ||||er|||| 00| f spa d
040 ## - CATALOGING SOURCE
Original cataloging agency CO-JMCR
Transcribing agency CO-JMCR
041 0# - LANGUAGE CODE
Language code of text/sound track or separate title spa
082 04 - DEWEY DECIMAL CLASSIFICATION NUMBER
Classification number N /
Item number MENl
Edition number 23
100 1# - MAIN ENTRY--PERSONAL NAME
Personal name Mendoza Zambrano, Mario,
Relator term autor
9 (RLIN) 13840
245 10 - TITLE STATEMENT
Title Lady masacre /
Statement of responsibility, etc. Mario Mendoza
260 ## - PUBLICATION, DISTRIBUTION, ETC.
Place of publication, distribution, etc. Bogotá :
Name of publisher, distributor, etc. Planeta,
Date of publication, distribution, etc. 2015
300 ## - PHYSICAL DESCRIPTION
Extent 251 páginas ;
Dimensions 22 cm.
505 3# - FORMATTED CONTENTS NOTE
Formatted contents note Las voces de los muertos -- El corazón de las tinieblas -- Lady Masacre
520 3# - SUMMARY, ETC.
Summary, etc. La vida de Frank Molina, periodista especializado en judiciales, da un giro inesperado el día en que decide abrir una oficina y empezar a trabajar como detective privado. A sus manos llega el caso de un extraño asesinato y su obsesión por resolverlo lo llevará a descubrir pasajes oscuros, personajes sombríos y redes de corrupción.
650 14 - SUBJECT ADDED ENTRY--TOPICAL TERM
Topical term or geographic name entry element Novela colombiana
Chronological subdivision Siglo XXI
9 (RLIN) 10010
942 ## - ADDED ENTRY ELEMENTS (KOHA)
Source of classification or shelving scheme Dewey Decimal Classification
Koha item type Books

No hay ítems disponibles.